Odhad počtu Rómov na Slovensku
Rómska populácia na Slovensku podľa najnovších údajov. Demografická charakteristika rómskeho etnika. Odhad počtu a štruktúry Rómov.
Enregistré dans:
| Auteur principal: | |
|---|---|
| Format: | Chapitre de livre |
| Langue: | slovaque |
| Sujets: | |
| Tags: |
Pas de tags, Soyez le premier à ajouter un tag!
|
MARC
| LEADER | 00000naa a2200000 4500 | ||
|---|---|---|---|
| 001 | r048075 | ||
| 005 | 20230906073656.7 | ||
| 041 | 0 | |a slo | |
| 044 | |a SK | ||
| 245 | 1 | 0 | |a Odhad počtu Rómov na Slovensku |c Boris Vaňo |
| 520 | |a Rómska populácia na Slovensku podľa najnovších údajov. Demografická charakteristika rómskeho etnika. Odhad počtu a štruktúry Rómov. | ||
| 610 | 2 | 0 | |a Rómovia |
| 610 | 2 | 0 | |a demografia |
| 610 | 2 | 0 | |a údaje štatistické |
| 610 | 2 | 0 | |a štruktúra obyvateľstva |
| 610 | 2 | 0 | |a národnosti |
| 610 | 2 | 0 | |a Slovensko |
| 100 | 1 | |a Vaňo, Boris | |